Elektrotechnická spôsobilosť pre elektrikárov /

Salvato in:
Dettagli Bibliografici
Autore principale: Meravý, Ján
Natura: Libro
Lingua:slovacco
Pubblicazione: Trenčín Ing. Ján Meravý 2018
Edizione:5.vyd.
Soggetti:
Tags: Aggiungi Tag
Nessun Tag, puoi essere il primo ad aggiungerne!!

MARC

LEADER 00000nam a22000003a 4500
001 0072325
003 SK-STU
005 20190318115751.0
007 ta
008 190318s ----xo-----e------000-0-----d
020 |a 978-80-89576-05-0 
040 |a STU  |b slo 
041 0 |a slo 
100 1 |a Meravý, Ján 
245 1 0 |a Elektrotechnická spôsobilosť pre elektrikárov /  |c Ján Meravý 
250 |a 5.vyd. 
260 |a Trenčín  |b Ing. Ján Meravý  |c 2018 
300 |a 396 s. 
650 0 7 |a elektrotechnika 
996 |b 284J045751  |c J* 118542  |l JJSK  |s A  |a 24  |w 0072325_0001